Statistics for Swindon Town Premier League XIs

Click here to take the quiz!

General Stats

  • This quiz has been taken 11 times
  • The average score is 5 of 11

Answer Stats

PositionAnswer% Correct
STJan Åge Fjørtoft
90%
DFShaun Taylor
70%
MFJohn Moncur
60%
DFPaul Bodin
60%
GKFraser Digby
50%
DFLuc Nijholt
40%
STAndy Mutch
30%
MFKevin Horlock
30%
MFMartin Ling
30%
MFNicky Summerbee
30%
DFAdrian Whitbread
0%

Score Distribution

Percentile by Number Answered

Percent of People with Each Score

Your Score History

You have not taken this quiz